| 000 | 00440nam a2200169 i 4500 | ||
|---|---|---|---|
| 001 | 63527 | ||
| 003 | ES-MaACL | ||
| 005 | 20230906164910.0 | ||
| 007 | t| | ||
| 008 | 031211s1905 fr ||||1| fre d | ||
| 100 | 1 |
_aFerrero, Guglielmo. _950546 |
|
| 245 | 1 | 0 |
_aGrandeur et decadence de Rome / _cGugliemo Ferrero. |
| 250 | _a4eme ed. | ||
| 260 |
_aParis : _bPlon, Nourrit et Cie, _c1905. |
||
| 300 | _a3 v. | ||
| 852 |
_aES-MaACL _jD-4736-38 |
||
| 999 |
_c63527 _d63527 |
||